[Event "ROM-ch U12"]
[Site "Baile Felix"]
[Date "2017.02.08"]
[Round "8"]
[White "Bunghez, Matei"]
[Black "Halmajan, Iulian Teodor"]
[Result "1-0"]
[WhiteElo "1166"]
[BlackElo "1273"]
[PlyCount "87"]
[EventDate "2017.02.02"]
[EventType "swiss"]
[EventRounds "9"]
[EventCountry "ROU"]
[SourceTitle "CBM 176 Extra"]
[Source "ChessBase"]
[SourceDate "2017.03.02"]
[SourceVersion "1"]
[SourceVersionDate "2017.03.02"]
[SourceQuality "1"]

1. d4 d5 2. Nf3 Nf6 3. e3 c5 4. Nc3 Bg4 5. Be2 e6 6. h3 Bh5 7. Qd3 Nc6 8. Qb5 Qb6 9. Qxb6 axb6 10. 0-0 Nb4 11. Bb5+ Nd7 12. Ne5 Rd8 13. Nxd7 Ke7 14. Nxf8 Kxf8 15. Ba4 Bg6 16. Rd1 Bxc2 17. Bxc2 Nxc2 18. Rb1 Ra8 19. a3 cxd4 20. exd4 f6 21. Rd2 Ne1 22. Kf1 Nxg2 23. Kxg2 g5 24. Re2 Kf7 25. Nb5 Rad8 26. Bd2 h5 27. Rbe1 Rhe8 28. Bb4 f5 29. Nd6+ Rxd6 30. Bxd6 g4 31. Rc2 Kf6 32. Rc7 Rg8 33. Be5+ Kg6 34. Rg7+ Rxg7 35. Bxg7 Kxg7 36. Rxe6 b5 37. Re5 Kf6 38. Rxd5 Kg5 39. Rxb5 Kf4 40. hxg4 fxg4 41. Rxb7 h4 42. Rh7 h3+ 43. Rxh3 gxh3+ 44. Kxh3 1-0

[Event "ROM-ch U12"]
[Site "Baile Felix"]
[Date "2017.02.05"]
[Round "5"]
[White "Iucu, Mihai"]
[Black "Bunghez, Matei"]
[Result "1/2-1/2"]
[WhiteElo "1307"]
[BlackElo "1166"]
[PlyCount "98"]
[EventDate "2017.02.02"]
[EventType "swiss"]
[EventRounds "9"]
[EventCountry "ROU"]
[SourceTitle "CBM 176 Extra"]
[Source "ChessBase"]
[SourceDate "2017.03.02"]
[SourceVersion "1"]
[SourceVersionDate "2017.03.02"]
[SourceQuality "1"]

1. d4 d5 2. Nf3 Nf6 3. Bf4 e6 4. e3 Bd6 5. Bg3 Nc6 6. c3 Bd7 7. Nbd2 Qe7 8. Bd3 e5 9. dxe5 Nxe5 10. Nxe5 Bxe5 11. Nf3 Bxg3 12. hxg3 Bg4 13. Qc2 Bxf3 14. gxf3 h6 15. Qb3 c6 16. 0-0-0 a5 17. Qa3 Qxa3 18. bxa3 0-0 19. Rde1 b5 20. e4 Rab8 21. exd5 Nxd5 22. Kc2 Rfe8 23. Re4 b4 24. axb4 axb4 25. Rxe8+ Rxe8 26. c4 Nf6 27. Rb1 c5 28. Rb3 Ra8 29. Kb2 Kf8 30. a3 bxa3+ 31. Rxa3 Rxa3 32. Kxa3 Ke7 33. Kb3 Kd6 34. Kc3 Nd7 35. f4 f6 36. Kd2 g5 37. fxg5 hxg5 38. Ke3 Ne5 39. f3 Nxd3 40. Kxd3 Ke5 41. Ke3 f5 42. Kd3 Ke6 43. Ke3 Ke5 44. Kd3 Ke6 45. Ke3 Kf6 46. f4 g4 47. Kd3 Ke6 48. Kc3 Kd6 49. Kb3 Kc6 1/2-1/2

[Event "ROM-ch U12"]
[Site "Baile Felix"]
[Date "2017.02.02"]
[Round "1"]
[White "Iliescu, David Adrian"]
[Black "Bunghez, Matei"]
[Result "1/2-1/2"]
[WhiteElo "1505"]
[BlackElo "1166"]
[PlyCount "82"]
[EventDate "2017.02.02"]
[EventType "swiss"]
[EventRounds "9"]
[EventCountry "ROU"]
[SourceTitle "CBM 176 Extra"]
[Source "ChessBase"]
[SourceDate "2017.03.02"]
[SourceVersion "1"]
[SourceVersionDate "2017.03.02"]
[SourceQuality "1"]

1. e4 e5 2. Nf3 Nc6 3. Bb5 d6 4. Nc3 Bd7 5. d4 exd4 6. Nxd4 Nf6 7. Bg5 Be7 8. Nxc6 Bxc6 9. Bxc6+ bxc6 10. Bf4 0-0 11. 0-0 Qd7 12. Re1 Qg4 13. Qxg4 Nxg4 14. h3 Ne5 15. Bxe5 dxe5 16. Rad1 Rfd8 17. a3 Rab8 18. b4 f6 19. Kf1 Kf7 20. Ke2 c5 21. b5 c4 22. Nd5 Rxb5 23. Nxc7 Rb2 24. Rxd8 Bxd8 25. Nd5 Rxc2+ 26. Kf1 Bb6 27. Nxb6 axb6 28. Rb1 Ra2 29. Rxb6 c3 30. Rc6 c2 31. Ke1 Rxa3 32. Rxc2 Ra1+ 33. Ke2 Ra4 34. f3 Kg6 35. Kf2 Kg5 36. Kg3 Ra7 37. Rc5 Kg6 38. Kg4 Ra2 39. Kg3 h6 40. Rb5 Rd2 41. Rd5 Rd4 1/2-1/2

[Event "ROM-ch U10"]
[Site "Calimanesti Caciulata"]
[Date "2016.04.24"]
[Round "8"]
[White "Stan, Anghel Cristian"]
[Black "Bunghez, Matei"]
[Result "0-1"]
[WhiteElo "1096"]
[BlackElo "1138"]
[PlyCount "58"]
[EventDate "2016.04.18"]
[EventType "swiss"]
[EventRounds "9"]
[EventCountry "ROU"]
[SourceTitle "EXT 2017"]
[Source "ChessBase"]
[SourceDate "2016.10.25"]
[SourceVersion "1"]
[SourceVersionDate "2016.10.25"]
[SourceQuality "1"]

1. e4 e5 2. d4 exd4 3. Qxd4 Nc6 4. Qe3 Nf6 5. Be2 d6 6. h3 Be7 7. Bd2 Bd7 8. Nc3 Nb4 9. Bd1 Nh5 10. Rc1 Nf6 11. a3 Nc6 12. Nd5 a6 13. Nc3 h6 14. Qg3 g6 15. b4 b5 16. h4 h5 17. Be3 Ng4 18. Bf4 Nf6 19. Be2 Nd4 20. Bd3 Ne6 21. e5 Nxf4 22. exf6 Nxd3+ 23. cxd3 Bxf6 24. Ne4 Bg7 25. Ng5 0-0 26. Qh2 Bh6 27. d4 Bxg5 28. hxg5 Qe7+ 29. Kf1 Bf5 0-1

[Event "ROM-ch U10"]
[Site "Calimanesti Caciulata"]
[Date "2016.04.21"]
[Round "4"]
[White "Pirvu, Christian"]
[Black "Bunghez, Matei"]
[Result "1-0"]
[WhiteElo "1343"]
[BlackElo "1138"]
[PlyCount "59"]
[EventDate "2016.04.18"]
[EventType "swiss"]
[EventRounds "9"]
[EventCountry "ROU"]
[SourceTitle "CBM 172 Extra"]
[Source "ChessBase"]
[SourceDate "2016.06.21"]
[SourceVersion "1"]
[SourceVersionDate "2016.06.21"]
[SourceQuality "1"]

1. e4 e5 2. Nf3 Nf6 3. Nxe5 Qe7 4. Nf3 Nxe4 5. Be2 d6 6. 0-0 Qd7 7. d4 d5 8. Bf4 Nc6 9. Bb5 Bd6 10. Bxd6 Qxd6 11. Re1 0-0 12. Nc3 Nxc3 13. bxc3 Bg4 14. Qd3 Bxf3 15. Qxf3 Rfe8 16. Bd3 Rad8 17. Qf5 g6 18. Qg5 a6 19. f4 f6 20. Qg4 Qa3 21. Bxg6 hxg6 22. Qxg6+ Kh8 23. Rxe8+ Rxe8 24. Qxe8+ Kg7 25. Qd7+ Kh6 26. Qh3+ Kg7 27. f5 Nxd4 28. cxd4 Qb2 29. Qg4+ Kf7 30. Re1 1-0

[Event "ROM-ch U10"]
[Site "Calimanesti Caciulata"]
[Date "2016.04.19"]
[Round "2"]
[White "Cadariu, Andrei"]
[Black "Bunghez, Matei"]
[Result "1/2-1/2"]
[WhiteElo "1058"]
[BlackElo "1138"]
[PlyCount "61"]
[EventDate "2016.04.18"]
[EventType "swiss"]
[EventRounds "9"]
[EventCountry "ROU"]
[SourceTitle "CBM 172 Extra"]
[Source "ChessBase"]
[SourceDate "2016.06.21"]
[SourceVersion "1"]
[SourceVersionDate "2016.06.21"]
[SourceQuality "1"]

1. e4 e5 2. Nf3 Nf6 3. Nc3 Nc6 4. Bb5 d6 5. h3 Bd7 6. d3 h6 7. 0-0 Be7 8. Bxc6 Bxc6 9. Be3 0-0 10. Qe2 Qd7 11. Rfd1 Bb5 12. Qd2 c5 13. Nxb5 Qxb5 14. b3 a5 15. c3 Rfd8 16. Qc2 a4 17. Rab1 axb3 18. Rxb3 Qc6 19. Rc1 b5 20. c4 b4 21. Nh4 Qd7 22. Qd2 Nxe4 23. dxe4 Bxh4 24. Rd1 Be7 25. Bxc5 Qa4 26. Bxb4 Qxa2 27. Qxa2 Rxa2 28. c5 dxc5 29. Rxd8+ Bxd8 30. Bxc5 Bg5 31. f3 1/2-1/2

[Event "ROM-ch U10"]
[Site "Calimanesti Caciulata"]
[Date "2016.04.18"]
[Round "1"]
[White "Bunghez, Matei"]
[Black "Tampea, Radu"]
[Result "0-1"]
[WhiteElo "1138"]
[BlackElo "1616"]
[PlyCount "68"]
[EventDate "2016.04.18"]
[EventType "swiss"]
[EventRounds "9"]
[EventCountry "ROU"]
[SourceTitle "CBM 172 Extra"]
[Source "ChessBase"]
[SourceDate "2016.06.21"]
[SourceVersion "1"]
[SourceVersionDate "2016.06.21"]
[SourceQuality "1"]

1. e4 c5 2. Nf3 e6 3. Nc3 a6 4. Be2 d5 5. exd5 exd5 6. d3 Nf6 7. 0-0 Be7 8. Bf4 0-0 9. Re1 Nc6 10. a3 Bd6 11. Bg5 Be6 12. d4 c4 13. Bf1 h6 14. Bxf6 Qxf6 15. Bxc4 dxc4 16. d5 Bd7 17. dxc6 Bxc6 18. Ne4 Bxe4 19. Rxe4 Rad8 20. Qc1 b5 21. c3 Qg6 22. Rd4 Bc5 23. Rxd8 Rxd8 24. Qf4 Qc2 25. Nd4 Qxb2 26. Rf1 Bxd4 27. cxd4 Qxd4 28. Qc7 c3 29. h3 Qd2 30. Kh2 c2 31. Rc1 Qxc1 32. Qxd8+ Kh7 33. Qd3+ g6 34. Qb3 Qf4+ 0-1

[Event "ROM-ch U10"]
[Site "Calimanesti"]
[Date "2015.04.03"]
[Round "6"]
[White "Melicut, David"]
[Black "Bunghez, Matei"]
[Result "1/2-1/2"]
[WhiteElo "1082"]
[BlackElo "1187"]
[PlyCount "45"]
[EventDate "2015.03.30"]
[EventType "swiss"]
[EventRounds "9"]
[EventCountry "ROU"]
[SourceTitle "CBM 165 Extra"]
[Source "ChessBase"]
[SourceDate "2015.04.21"]
[SourceVersion "1"]
[SourceVersionDate "2015.04.21"]
[SourceQuality "1"]

1. e4 e5 2. Nc3 Nf6 3. Nf3 Nc6 4. Bc4 h6 5. d3 a6 6. Be3 b5 7. Bb3 Bd6 8. Qd2 Bb7 9. 0-0 0-0 10. a3 Qe7 11. Rfe1 Nd8 12. Rad1 c5 13. Qe2 Nc6 14. Qd2 Nd4 15. Nxd4 cxd4 16. Bxd4 exd4 17. Ne2 Bc5 18. c3 dxc3 19. Qxc3 Rac8 20. Qd2 Ng4 21. d4 Qxe4 22. f3 Qd5 23. dxc5 1/2-1/2

[Event "ROM-ch U10"]
[Site "Calimanesti"]
[Date "2015.04.02"]
[Round "4"]
[White "Iurcu, Marius"]
[Black "Bunghez, Matei"]
[Result "1-0"]
[WhiteElo "1091"]
[BlackElo "1187"]
[PlyCount "59"]
[EventDate "2015.03.30"]
[EventType "swiss"]
[EventRounds "9"]
[EventCountry "ROU"]
[SourceTitle "CBM 165 Extra"]
[Source "ChessBase"]
[SourceDate "2015.04.21"]
[SourceVersion "1"]
[SourceVersionDate "2015.04.21"]
[SourceQuality "1"]

1. d4 d5 2. c4 dxc4 3. e3 Be6 4. Nc3 c6 5. a4 Nf6 6. Nf3 h6 7. e4 Nbd7 8. d5 cxd5 9. exd5 Bg4 10. Bxc4 Qc7 11. b3 Nb6 12. Nb5 Qc8 13. Be2 a6 14. Nbd4 Nbxd5 15. Bb2 e6 16. Rc1 Qd8 17. 0-0 Bb4 18. Ne5 Bxe2 19. Qxe2 0-0 20. Qd3 Bd6 21. Nc4 Nb4 22. Qf3 a5 23. Rfd1 Nfd5 24. Nxd6 Qxd6 25. Nb5 Qe7 26. Qg3 f6 27. Ba3 e5 28. Rxd5 Qe6 29. Rd6 Qxb3 30. Qxb3+ 1-0

[Event "ROM-ch U10"]
[Site "Calimanesti"]
[Date "2015.03.30"]
[Round "1"]
[White "Bunghez, Matei"]
[Black "Neacsa, Andreas Alexandru"]
[Result "1-0"]
[WhiteElo "1187"]
[BlackElo "1001"]
[PlyCount "35"]
[EventDate "2015.03.30"]
[EventType "swiss"]
[EventRounds "9"]
[EventCountry "ROU"]
[SourceTitle "CBM 165 Extra"]
[Source "ChessBase"]
[SourceDate "2015.04.21"]
[SourceVersion "1"]
[SourceVersionDate "2015.04.21"]
[SourceQuality "1"]

1. e4 e5 2. Nf3 Nf6 3. h3 Bc5 4. d3 Nc6 5. a3 0-0 6. b4 Bd4 7. c3 Bb6 8. a4 a6 9. a5 Ba7 10. Ba3 d6 11. Be2 Be6 12. Nbd2 Qe7 13. 0-0 Nd7 14. c4 Qf6 15. Nh2 Nd4 16. Bg4 b6 17. Bc1 bxa5 18. bxa5 1-0